000 00679nam a2200229Ia 4500
003 OSt
005 20220923230800.0
006 a|||||r|||| 00| 0
007 ta
008 Pun
024 _a305,487
037 _cTextual
040 _aARTS
_cARTS
_bPun
041 _2Pun
_aPun
082 _aQ8441:2K66w, 153J9.1-.2
100 _aਵੀਰ ਸਿੰਘ
245 0 _aFੀ੍ਰ ਕਲਫ਼ੀਧਰ ਚਮਤਕਾਰ
_b ਸਾਹਿਬ ਸ੍ਰੀ ਗੁਰੂ ਗੋਬਿੰਦ ਸਿੰਘ ਜੀ
260 _c1969
650 _aਧਰਮ
942 _hQ8441:2K66w, 153J9.1-.2
_cTEXL
_2CC
999 _c387279
_d387279